Study Guide
| Main Author: | |
|---|---|
| Format: | Section = Libro |
| Language: | Undetermined Spanish |
| Published: |
Worth Publishers, Inc
1984
|
| Subjects: |
| LEADER | 00478nam a2200193Ia 4500 | ||
|---|---|---|---|
| 008 | 240830s9999 xx 000 0 und d | ||
| 020 | |a 0-87901-256-0 | ||
| 040 | |a CEDOC FIQ-RUSB / 570 M753 | ||
| 041 | |a spa | ||
| 082 | |a 570 M753 | ||
| 100 | 1 | |a Monroe, Adele | |
| 245 | 1 | 0 | |a Study Guide |
| 260 | |b Worth Publishers, Inc |c 1984 | ||
| 300 | |a 403 p.: il. | ||
| 650 | 7 | |a CIENCIAS BIOLÓGICAS | |
| 650 | 7 | |b BIOLOGÍA DE LA POBLACIÓN | |
| 942 | |c BK |2 ddc | ||
| 991 | |a TEXTO | ||
| 999 | |c 27179 | ||